Datum a čas kvízu
19
Celkem bodů
Celkový počet nahraných bodů na tomto kvízu bez doplňovacích otázek.
10.
Pořadí na kvízu
Konečné umístění týmu na tomto kvízu.
Zaznamenané odpovědi
| # | Otázka | Odpověď | Body | Výsledky |
|---|---|---|---|---|
| 1. | Premiér Fiala se při své návšt... | Horáková | 0 | |
| 2. | V minulém týdnu se objevila zp... | A | 0 | |
| 3. | Ve čtvrtek proběhlo předávání... | Hella, Alena Machoninová | 0 | |
| 4. | České vývojářské studio Warhor... | Kingdom Come: Deliverance | 1 | |
| 5. | Při závodě třídy Moto3 ve Velk... | snažil se nastartovat soupeřovu motorku | 0 | |
| 6. | Bolívie má, stejně jako několi... | Sucre; La Paz | 0 | |
| 7. | Chemický prvek hafnium dostal... | o Kodaň | 0 | |
| 8. | Zatímco některé země mají hlav... | o Nauru | 0 | |
| 9. | Které malebné a nepříliš lidna... | Lublaň | 0 | |
| 10. | Kazachstán drží rekord v přejm... | Astana; Nur-Sultan | 0 |